000
00283nam a22001217a 4500
040
_c
HS
082
_a
631
100
_a
សួស ចំណាន
245
_a
ម៉ាស៊ីនកសិក្ម
260
_a
RUA
_b
សូស ចំណាន
_c
2011
300
_a
38p.
942
_c
KB
999
_c
8699
_d
8699